00646cam a22002171 4500001001300000003000400013005001700017008004100034010001700075025002300092035002000115040002300135042001200158050001900170100002700189245007500216260009100291300001800382500001100400999001700411sa 65010609 DLC20260227112209.0960920s195u pk 000 0 pusr  asa 65010609  aPL480:P-Pushto-239 a(OCoLC)35598614 aDLCcCLUdCLUdDLC apremarc00aPK6820.H37bQ50 aḤasan Bāz Ḥasan.10aQiṣṣah nạwī da dwawu dostāno,cauthor Ḥasan Bāz Ḥasan. aPishāwar shahar,bḤājī Muḥammad, ʻAbd al-khāliq, Faz̤al Mālikc[195-?] a26 p.c26 cm. aPoems. c66839d66839